ბათუმის შოთა რუსთაველის სახელმწიფო უნივერსიტეტის ბიბლიოთეკა

Укрупненные нормы расхода воды и количества сточных вод на единицу продукции для различных отраслей промышленности. (ბიბ.ჩანაწერი № 38189)

000 -LEADER
fixed length control field 00883nam a2200193Ia 4500
001 - CONTROL NUMBER
control field 4179
003 - CONTROL NUMBER IDENTIFIER
control field GE_BSU
008 - FIXED-LENGTH DATA ELEMENTS--GENERAL INFORMATION
fixed length control field 181216s||||||||xx |||||||||||||| ||und||
040 ## - CATALOGING SOURCE
Transcribing agency GE_BSU
080 ## - UNIVERSAL DECIMAL CLASSIFICATION NUMBER
Universal Decimal Classification number 628.175(035)
245 ## - TITLE STATEMENT
Title Укрупненные нормы расхода воды и количества сточных вод на единицу продукции для различных отраслей промышленности.
245 ## - TITLE STATEMENT
Statement of responsibility, etc. Ред. изд-ва: Н.А.Халустова, С.И.Перглер.
260 ## - PUBLICATION, DISTRIBUTION, ETC.
Place of publication, distribution, etc. М.
260 ## - PUBLICATION, DISTRIBUTION, ETC.
Name of publisher, distributor, etc. Стройиздат.
260 ## - PUBLICATION, DISTRIBUTION, ETC.
Date of publication, distribution, etc. 1973.
300 ## - PHYSICAL DESCRIPTION
Extent 367 стр. 27 см.
653 ## - INDEX TERM--UNCONTROLLED
Uncontrolled term Укрупненные нормы расхода воды и количества сточных вод на единицу продукции для различных отраслей промышленности.
942 ## - ADDED ENTRY ELEMENTS (KOHA)
Koha item type წიგნი
ეგზემპლარები
Withdrawn status Lost status Damaged status Not for loan Date acquired Barcode Date last seen Price effective from Koha item type Public note
        2018-12-17 9395 2018-12-17 2018-12-17 წიგნი საცავი